Langman embriologí médica
Gardado en:
| Autor Principal: | |
|---|---|
| Autor Corporativo: | |
| Outros autores: | , , , , , |
| Formato: | Electrónico eBook |
| Idioma: | Lingua castelá |
| Publicado: |
Philadelphia :
Wolters Kluwer,
2016.
|
| Edición: | 13. ed. |
| Subjects: | |
| Acceso en liña: | Authentication may be required: |
| Tags: |
Engadir etiqueta
Sen Etiquetas, Sexa o primeiro en etiquetar este rexistro!
|
MARC
| LEADER | 00000nam a2200000 a 4500 | ||
|---|---|---|---|
| 001 | E000000259 | ||
| 003 | UtOrBLW | ||
| 005 | 20200317145414.0 | ||
| 006 | m d | ||
| 007 | cr | ||
| 008 | 200317s2016 paua s 001 0 spa d | ||
| 020 | |a 9788416353484 | ||
| 035 | |a (UtOrBLW)bslw09850295 | ||
| 040 | |a UtOrBLW | ||
| 050 | 4 | |a QL955 |b .S23 2016 | |
| 060 | 4 | |a QS 604 |b S1264l 2016 | |
| 100 | 1 | |a Sadler, T. W. |q (Thomas W.) | |
| 245 | 1 | 0 | |a Langman embriologí médica |h [electronic resource] / |c T.W. Sadler, Ph.D., consultant, birth defects prevention, Twin Bridges, Madison County, Montana, adjunct professor of pediatrics, University of Utah, visiting professor of embryology, East Tennessee State University, Quillen School of Medicine, senior scholar, Greenwood Genetics Center, Greenwood, South Carolina ; ilustraciones por computadora, Susan L. Sadler-Redmond ; micrografias por barrido electronico, Kathy Tosney ; imagenes por ultrasonografia, Jan Byrne y Hytham Imseis. |
| 250 | |a 13. ed. | ||
| 260 | |a Philadelphia : |b Wolters Kluwer, |c 2016. | ||
| 300 | |a 422 p. : |b col. ill. ; |c cm | ||
| 500 | |a Includes index. | ||
| 533 | |a Electronic reproduction. |b New York, N.Y. : |c Ovid Technologies, Inc. |n Available via World Wide Web. | ||
| 650 | 1 | 2 | |a Embryonic Development |
| 650 | 1 | 2 | |a Fetal Development |
| 650 | 0 | |a Embryology. | |
| 700 | 1 | |a Chung, Harold M. | |
| 700 | 1 | |a Halliday, Nancy L. | |
| 700 | 1 | |a Sadler-Redmond, Susan L. | |
| 700 | 1 | |a Tosney, Kathy. | |
| 700 | 1 | |a Byrne, Jan. | |
| 700 | 1 | |a Imseis, Hytham. | |
| 710 | 2 | |a Ovid Technologies, Inc. | |
| 856 | 4 | 0 | |a E-Books (Ovid) |z Authentication may be required: |u http://ovides.unach.elogim.com/Pages/book.aspx?isbn=9788416353484&XPATH=/PG(0) |